Consume' Decision Making on Online Purchase of Air Tickets / (Record no. 198214)
[ view plain ]
| 000 -LEADER | |
|---|---|
| fixed length control field | 00652nam a22001937a 4500 |
| 005 - DATE AND TIME OF LATEST TRANSACTION | |
| control field | 20230915151629.0 |
| 010 ## - LCCN (DPL NO) | |
| LC control number | ENG-138029 |
| 020 ## - INTERNATIONAL STANDARD BOOK NUMBER | |
| International Standard Book Number | 9789388881418 |
| Terms of availability | 795.00 |
| 035 ## - SYSTEM CONTROL NUMBER | |
| System control number | EN-121561 |
| 037 ## - SOURCE OF ACQUISITION | |
| Source of stock number/acquisition | DBAD/PUB |
| 082 ## - DEWEY DECIMAL CLASSIFICATION NUMBER | |
| Classification number | 381.420954 |
| 100 ## - MAIN ENTRY--PERSONAL NAME | |
| Personal name | Thakur Krishna Kumar |
| 245 ## - TITLE STATEMENT | |
| Title | Consume' Decision Making on Online Purchase of Air Tickets / |
| Statement of responsibility, etc | Krishan Kumar Thakur and Biju Mani Das |
| 260 ## - PUBLICATION, DISTRIBUTION, ETC. (IMPRINT) | |
| Place of publication, distribution, etc | Assam |
| Name of publisher, distributor, etc | EBH Publisher |
| Date of publication, distribution, etc | 2020 |
| 270 ## - ADDRESS | |
| Address | 136, M.L. Nehru Road, Panbazar, Guwahati |
| City | Assam |
| Postal code | 781001 |
| 300 ## - PHYSICAL DESCRIPTION | |
| Extent | 120p. |
| Dimensions | 24cm (HBK) |
| 700 ## - ADDED ENTRY--PERSONAL NAME | |
| Personal name | Das Biju Manic |
| 9 (RLIN) | 56733 |
| 942 ## - ADDED ENTRY ELEMENTS (KOHA) | |
| Source of classification or shelving scheme | Dewey Decimal Classification |
| Item type | English Books |
| Classification part | 381.1420954 |
| Call number suffix | Tha |
| Edition | 2020 |
No items available.
